| 000 | 00555nam a22002051c 4500 | ||
|---|---|---|---|
| 001 | a987677897 | ||
| 008 | 161109s2015 gw |||| 000u rus d | ||
| 020 |
_a9785235037786 _9978-5-235-03778-6 |
||
| 041 | _arus | ||
| 100 | 1 | _aČernjavskij, Georgij I. | |
| 245 | 0 | 0 | _aEjsenchauer |
| 264 |
_aMoskva : _bMolodaja gvardija, _c2015 |
||
| 300 | _a430 Seiten | ||
| 600 | 0 | _aEisenhower, Dwight D. | |
| 700 | 1 |
_aDubova, Larisa L. _eVerfasserIn |
|
| 942 | _cMG | ||
| 040 | _cRU-10907106 | ||
| 003 | RU-10907106 | ||
| 999 |
_c40214 _d40214 |
||
| 490 | 0 |
_aŽizn' zamečatel'nych ljudej _v1757 |
|